Wszyscy sąsiedzi państw Europy. test - Statystyki

Ogólne statystyki
  • Ten quiz został rozwiązany 28 razy
    19 od ostatniego zresetowania
  • Średni wynik to 18 z 207
Statystyki odpowiedzi
Państwo Państwa graniczące % Poprawnych
Albania Czarnogóra
88%
Austria Czechy
75%
Andora Francja
75%
Hiszpania
75%
Kosowo
50%
Macedonia Północna
50%
Słowacja
50%
Grecja
38%
Belgia Holandia
38%
Niemcy
38%
Albania
25%
Austria
25%
Francja Belgia
25%
Bosnia i Hercegowina
25%
Bosnia i Hercegowina
25%
Bośnia i Hercegowina Chorwacja
25%
Czarnogóra Chorwacja
25%
Czarnogóra
25%
Czarnogóra
25%
Francja
25%
Grecja
25%
Kosowo
25%
Liechtenstein
25%
Litwa
25%
Białoruś Łotwa
25%
Łotwa
25%
Luksemburg
25%
Luksemburg
25%
Niemcy
25%
Niemcy
25%
Niemcy
25%
Niemcy
25%
Norwegia
25%
Polska
25%
Czechy Polska
25%
Rosja
25%
Estonia Rosja
25%
Rosja
25%
Bułgaria Rumunia
25%
Serbia
25%
Serbia
25%
Serbia
25%
Serbia
25%
Słowacja
25%
Słowenia
25%
Chorwacja Słowenia
25%
Szwajcaria
25%
Szwajcaria
25%
Dania Szwecja
25%
Finlandia Szwecja
25%
Turcja
25%
Ukraina
25%
Węgry
25%
Węgry
25%
Włochy
25%
Włochy
25%
Brazylia
13%
Hiszpania
13%
Am. Pół. Kanada
13%
Macedonia Północna
13%
Monako
13%
Am. Poł. Surinam
13%
Cypr Wielka Brytania
13%
Grecja Albania
0%
Albania
0%
Albania
0%
Andora
0%
Andora
0%
Armenia
0%
Liechtenstein Austria
0%
Austria
0%
Austria
0%
Austria
0%
Austria
0%
Austria
0%
Austria
0%
Azerbejdżan
0%
Azerbejdżan
0%
Belgia
0%
Luksemburg Belgia
0%
Belgia
0%
Białoruś
0%
Białoruś
0%
Białoruś
0%
Białoruś
0%
Białoruś
0%
Bosnia i Hercegowina
0%
Bułgaria
0%
Bułgaria
0%
Bułgaria
0%
Bułgaria
0%
Turcja Bułgaria
0%
Azja Chiny
0%
Chiny
0%
Chorwacja
0%
Chorwacja
0%
Chorwacja
0%
Cypr
0%
Czarnogóra
0%
Czarnogóra
0%
Czechy
0%
Czechy
0%
Czechy
0%
Niemcy Dania
0%
Dania
0%
Łotwa Estonia
0%
Estonia
0%
Finlandia
0%
Finlandia
0%
Finlandia
0%
Hiszpania Francja
0%
Francja
0%
Francja
0%
Monako Francja
0%
Francja
0%
Francja
0%
Francja
0%
Włochy Francja
0%
Grecja
0%
Grecja
0%
Azja Gruzja
0%
Azja Gruzja
0%
Portugalia Hiszpania
0%
Hiszpania
0%
Am. Pół. Holandia
0%
Holandia
0%
Irak
0%
Iran
0%
Wielka Brytania Irlandia
0%
Kazachstan
0%
Kirgistan
0%
Korea Północna
0%
Kosowo
0%
Kosowo
0%
Liechtenstein
0%
Litwa
0%
Litwa
0%
Litwa
0%
Litwa Łotwa
0%
Łotwa
0%
Luksemburg
0%
Macedonia Północna
0%
Macedonia Północna
0%
Macedonia Północna
0%
Afryka Maroko
0%
Mołdawia
0%
Mołdawia
0%
Mongolia
0%
Holandia Niemcy
0%
Niemcy
0%
Niemcy
0%
Szwajcaria Niemcy
0%
Rosja Norwegia
0%
Szwecja Norwegia
0%
Polska
0%
Polska
0%
Polska
0%
Słowacja Polska
0%
Polska
0%
Portugalia
0%
Kazachstan Rosja
0%
Rosja
0%
Rosja
0%
Norwegia Rosja
0%
Polska Rosja
0%
Rosja
0%
Rumunia
0%
Rumunia
0%
Ukraina Rumunia
0%
Rumunia
0%
San Marino
0%
Kosowo Serbia
0%
Macedonia Północna Serbia
0%
Serbia
0%
Serbia
0%
Słowacja
0%
Słowacja
0%
Węgry Słowacja
0%
Słowenia
0%
Słowenia
0%
Syria
0%
Szwajcaria
0%
Szwajcaria
0%
Szwajcaria
0%
Szwecja
0%
Turcja
0%
Turkmenistan
0%
Mołdawia Ukraina
0%
Ukraina
0%
Ukraina
0%
Rumunia Ukraina
0%
Ukraina
0%
Ukraina
0%
Uzbekistan
0%
Watykan
0%
Węgry
0%
Serbia Wegry
0%
Wegry
0%
Węgry
0%
Węgry
0%
Wielka Brytania
0%
Wielka Brytania
0%
Irlandia Wielka Brytania
0%
San Marino Włochy
0%
Słowenia Włochy
0%
Włochy
0%
Watykan Włochy
0%
Nie znaleziono quizów pasujących do podanych kryteriów
Rozkład punktacji
Procent ludzi z każdym wynikiem
Percentyl według liczby udzielonych odpowiedzi
Twoja historia wyników
Nie rozwiązałeś tego quizu od ostatniego zresetowania